00400nam a2200133 a 4500008004100000050002200041110005400063245004300117260003600160300002600196350000900222362001700231650001800248090709s1984 ||||||||||||||||| || u aGOV.ZAM(05)1984/1 aZambia. United National Independence Party (UNIP)10aUNIP Youth magazinecUNIP Youth League aLusakabUNIP Youth Leaguec1984 aQuarterly publication a0.001 aOctober 1984 aYOUTH--ZAMBIA